000
00363nam a2200181Ia 4500
003
0STCL
008
150530s9999 xx 000 0 und d
040
_a
STCL
_c
STCL
100
_a
Nair, T.R.
245
_a
Hridayarodanam
250
_a
3
260
_c
1968
300
_a
0
546
_a
Hindi
942
_2
ddc
_c
BK
999
_c
45810
_d
45810
005
20220125170657.0